|
|
|
|
| LEADER |
00767naa a2200205 i 4500 |
| 001 |
publ25595 |
| 005 |
20221123152045.0 |
| 008 |
221123s2021 hu o 0|| Magyar d |
| 020 |
|
|
|a 9789632585444
|
| 024 |
7 |
|
|a 32539475
|2 mtmt
|
| 040 |
|
|
|a SZTE Publicatio Repozitórium
|b hun
|
| 041 |
|
|
|a Magyar
|
| 100 |
1 |
|
|a Tóth Judit
|
| 245 |
1 |
0 |
|a 41/2012.(XII.6.) AB határozat - nemzetiségi önkormányzatok létrehozása
|h [elektronikus dokumentum] /
|c Tóth Judit
|
| 260 |
|
|
|a Centre for Social Sciences; HVG-ORAC Lap- és Könyvkiadó Kft.
|b Budapest
|c 2021
|
| 300 |
|
|
|a 24
|
| 300 |
|
|
|a 81-104
|
| 490 |
0 |
|
|a Az Alkotmánybírósági gyakorlat
|
| 650 |
|
4 |
|a Jogtudomány
|
| 856 |
4 |
0 |
|u http://publicatio.bibl.u-szeged.hu/25595/3/alkotmanybirosagi_gyakorlat_002.pdf
|z Dokumentum-elérés
|